Horúčka nejasného pôvodu

Bibliographic Details
Main Authors: Hromec, Juraj, 1950- (Author), Krčméry, Silvester, 1957- (Author)
Format: Article
Language:Slovak
ISSN:1335-8359
Subjects:

MARC

LEADER 00000nab a2200000 a 4500
001 vtls000824480
003 SK-MaSNL
005 20260304214809.0
008 250429c2002 xo 0 slo
015 |a SNBRB2003/02-04910 
035 |a CLN000176135 
035 |a urn:nbn:sk:snk-ab31ya 
035 |a (urnnbn)urn:nbn:sk:snk:ar-a05jc2 
035 |a (uuid)79682fab-6d63-476d-96d3-ed8350c73688 
040 |a SNKBUCL  |b slo  |c SNKBUCL  |e AACR2 
041 0 |a slo 
044 |a xo  |c SK 
080 |a 612.57:616.91/.92  |2 1997 
100 1 |a Hromec, Juraj,  |d 1950-  |4 aut  |9 209721 
245 1 0 |a Horúčka nejasného pôvodu  |c Juraj Hromec, Silvester Krčméry 
650 0 7 |a horúčka  |2 snkbucl  |9 15399 
650 0 7 |a diagnostika (medicína)  |2 snkbucl  |9 28740 
650 0 7 |a terapia  |2 snkbucl  |9 781 
655 7 |a články z novín a časopisov  |2 snkbucl  |9 267496 
700 1 |a Krčméry, Silvester,  |d 1957-  |4 aut  |9 209668 
773 0 |t Interná medicína s prílohou Všeobecné lekárstvo  |g Roč. 2, č. 8 (2002), s. 503-506  |x 1335-8359 
850 |a Slovenská národná knižnica 
852 |a Slovenská národná knižnica 
954 |a odborná, vedecká literatúra pôvodná (slovenská)  |2 lita 
958 |a article2022 
958 |a MI 
958 |a OND 
958 |a EUIPO 
999 |c 3143306  |d 3145236